00508nam a2200193 a 4500001001300000003000900013005001700022008004100039020002300080082001600103100001600119245005000135260003900185300000900224500003500233505001700268650001300285700001600298nice12345678IN_TiNIC20260116014856.0111205s1990 dela grp 000 0 eng  a9780896083851c71900a305.4bHOO1 aHooks, Bell aYearning Race, Gender, and Culturaal Politics aDelhibIndia Research Press c1990 a236p aincludes index and biblioraphy2 aBibliography aFeminism1 aHooks, Bell